000 00636nam a2200241Ia 4500
003 OSt
005 20221006141905.0
006 a|||||r|||| 00| 0
007 ta
008 221006b |||||||| |||| 00| 0 eng d
020 _cP 7.10
024 _a4,577
037 _cTextual
040 _aEASL
_cEASL
_beng
041 _2eng
_aeng
082 _aAv410j5.A, L0
100 _aNEEDHAM Joseph
245 0 _aClerks and craftsmen in China and the West
260 _aLondon
_bCambridge Univ. Press
_c1970
300 _a469p.
_ccm.
942 _hAv410j5.A, L0
_cTEXL
_2CC
999 _c1072663
_d1072663